Super Guides Tennis

Bibliographic Details
Main Author: Arantxa
Format: Book
Published: London : Dorling Kindersley Ltd , 2000
Subjects:

MARC

LEADER 00000cam a2200000 7i4500
001 0000013027
005 20050422.0
020 |a 0751327840 
040 |a INS 
090 0 0 |a GV995.   |b Ar146 2000 
100 1 |a Arantxa 
245 1 0 |a Super Guides Tennis   |c Arantxa 
260 |a London :   |b Dorling Kindersley Ltd ,   |c 2000 
300 |a 45p :   |b 29cm 
650 0 0 |a Tennis 
999 |a 0000013409   |b BOOK   |c Open Shelf   |e Default branch